Province affacciate sul Mar Adriatico - Statistics

Statistiche generali
  • Questo quiz è stato fatto 44 volte
  • Il punteggio medio è 23 su 23
Statistiche sulle risposte
Regione Provincia % Corretto
Puglia Città metropolitana di Bari
100%
Veneto Città metropolitana di Venezia
100%
Friuli-Venezia Giulia Ente di decentramento regionale di Trieste
100%
Marche Provincia di Ancona
100%
Puglia Provincia di Brindisi
100%
Molise Provincia di Campobasso
100%
Abruzzo Provincia di Chieti
100%
Puglia Provincia di Foggia
100%
Emilia-Romagna Provincia di Forliì-Cesena
100%
Puglia Provincia di Lecce
100%
Marche Provincia di Macerata
100%
Marche Provincia di Pesaro e Urbino
100%
Abruzzo Provincia di Pescara
100%
Emilia-Romagna Provincia di Ravenna
100%
Emilia-Romagna Provincia di Rimini
100%
Friuli-Venezia Giulia Ente di decentramento regionale di Udine
97%
Marche Provincia d Fermo
97%
Puglia Provincia di Barletta-Andria-Trani
97%
Emilia-Romagna Provincia di Ferrara
97%
Veneto Provincia di Rovigo
97%
Friuli-Venezia Giulia Ente di decentramento regionale di Gorizia
95%
Marche Provincia di Ascoli Piceno
95%
Abruzzo Provincia di Teramo
95%
Nessun quiz corrispondente trovato
Distribuzione punteggi
Percentuale di utenti per punteggio
Percentile per numero di risposta
I tuoi punteggi nel tempo
Non hai fatto questo quiz